| 000 | 00358 a2200121 4500 | ||
|---|---|---|---|
| 001 | ART_11557 | ||
| 005 | 20260410161858.0 | ||
| 008 | 260409a | ||
| 245 | 1 | 0 | _aTransfers and Pareto optimality |
| 100 | 1 | _aDaly, George | |
| 700 | 1 | _aGiertz, J. Fred | |
| 773 | 0 |
_tJournal of public economics _g- Vol. 5, NÂș 1/2 (ene./feb. 1976) _wREV11485 |
|
| 999 |
_c25638 _d25638 |
||